000 00956cam a2200277 a 4500
001 3401500
003 OSt
005 20230606115104.0
008 891211s1990 nyua 001 0aeng
020 _a0374114048 :
_c$22.95
040 _aDLC
_cDLC
_dDLC
043 _an-us-al
050 0 0 _aKF373.C389
_bA3 1990
082 0 0 _a340.092
100 1 _aChestnut, J. L.
245 1 0 _aBlack in Selma :
_bthe uncommon life of J.L. Chestnut, Jr. /
_cJ.L. Chestnut, Jr., Julia Cass.
260 _aNew York :
_bFarrar, Straus, and Giroux,
_c1990
300 _axiii, 431 p
_bill. ;
_c24 cm.
600 1 0 _aChestnut, J. L.
650 0 _aAfrican American lawyers
_zAlabama
_vBiography.
650 0 _aCivil rights movements
_zAlabama
_zSelma
_xHistory.
700 1 _aCass, Julia.
906 _a7
_bcbc
_corignew
_d1
_eopcn
_f19
_gy-gencatlg
942 _2ddc
_cBK
999 _c630
_d630